Statistics for Guess the Taylor Swift song with no hints #3

Click here to take the quiz!

General Stats

  • This quiz has been taken 102,589 times
  • The average score is 204 of 309

Answer Stats

Answers% Correct
I
99%
a
96%
you
95%
You
95%
the
92%
me
91%
love
87%
he
82%
He
82%
and
81%
And
81%
It
79%
it
79%
do
78%
So
78%
so
78%
go
76%
on
75%
Then
75%
then
75%
is
73%
my
72%
like
71%
they
70%
They
70%
can
68%
never
68%
all
67%
But
66%
did
65%
say
65%
says
65%
Why's
65%
why's
65%
ever
64%
for
64%
look
64%
This
64%
bad
63%
feel
63%
him
63%
If
63%
if
63%
see
63%
What
63%
Don't
62%
don't
62%
good
62%
had
62%
them
62%
could
61%
how
61%
something
59%
think
59%
thinks
59%
make
57%
man
57%
Oh
57%
oh
57%
one
57%
tell
57%
'em
56%
Now
56%
play
56%
trust
56%
red
55%
easy
54%
just
54%
lie
54%
world
54%
again
53%
every
53%
get
53%
narcissist
53%
nothing
53%
over
53%
shit
53%
works
53%
about
52%
'cause
52%
'Cause
52%
coming
52%
talks
52%
up
52%
violin
52%
works
52%
lips
51%
skin
51%
felt
50%
three
50%
got
49%
owe
49%
flames
48%
I'd
48%
fun
47%
leave
47%
thing
47%
left
46%
let
46%
Most
46%
bit
45%
playboy
45%
regret
45%
around
44%
before
44%
Crimson
44%
fly
44%
away
43%
light
43%
next
43%
paint
43%
saved
42%
burning
41%
even
41%
name
41%
aren't
40%
gotta
40%
Their
40%
their
40%
They're
40%
witches
40%
change
39%
throw
39%
drops
37%
spends
37%
ahead
36%
reasons
34%
pitchforks
33%
proof
32%
receipts
30%

Score Distribution

Percentile by Number Answered

Percent of People with Each Score

Your Score History

You have not taken this quiz